000 01453nam2a22002651 4500
001 RU\NLR\INFOCOMM44\1000046588
005 20250617132000.0
035 _a(NLR Aleph) 002625950
090 _a3656904
_c3656904
100 _a20040721d1983 |||y0rusy50 ca
101 0 _arus
102 _aRU
105 _ay |||||||||
200 1 _aОборудование для сушки распылением бактериальных и ферментных препаратов
_fА.Н. Карпов, А.В. Саруханов
210 _d1983
_aБ. м.
461 0 _1001RU\NLR\INFOCOMM44\1000046574
_12001#$aПолучение и применение ферментов, витаминов, аминокислот, премиксов$eОбзор. информ.$fМ-во мед. и микробиол. пром-сти СССР. ЦБНТИ. ЦБНТИ Минмедбиопром$v1983, Вып.1
_93656786
_cМ.
_d1979-1987
_fМ-во мед. и микробиол. пром-сти СССР. ЦБНТИ. ЦБНТИ Минмедбиопром
_oОбзор. информ.
_tПолучение и применение ферментов, витаминов, аминокислот, премиксов
_v1983, Вып.1
700 1 _aКарпов
_bА.Н.
_4070
701 1 _aСаруханов
_bА.В.
_4070
801 1 _aRU
_bInfoComm
_c20040721
801 0 _aRU
_bNLR
_gPSBO
852 _aNLR
_jП10/5719
942 _cISSUE
980 _aNB
980 _aRUSPER